02639cam a2200397 i 45000010009000000050017000090080041000260100017000670160018000840200018001020200018001200200015001380200015001530200018001680200018001860350024002040410008002280420014002360820016002501000024002662450057002902600043003472640033003902640011004233000026004343360026004603360033004863370028005193380027005475040051005745201502006256500023021276500033021506500023021837760035022062267053320250417093205.0220628t20232023cau b 001 0 eng d a 20229418367 a0208599752Uk a9781529767421 a9781529767414 a1529767423 a1529767415 z9781529613346 z9781529613360 a(OCoLC)on1345457961 aeng alccopycat04a658.812 CHA1 aChakravorti, Samit,10a Customer Relationship Management: A Global Approach aNew DelhibSage Publications Ltdc2023 1aLos Angeles :bSAGE,c[2023] 4c©2023 axv, 286 pages ; 24 cm atextbtxt2rdacontent astill imagebsti2rdacontent aunmediatedbn2rdamedia avolumebnc2rdacarrier aIncludes bibliographical references and index. a"Customer Relationship Management: A Global Approach provides a uniquely global, holistic, strategic and tactical grounding in managing customer and other stakeholder experiences and relationships across the value chain, cultures and countries. Reflecting the global structures of companies operating today, the author draws on his research knowledge alongside industry and teaching experience to connect Customer Relationship Management (CRM) core concepts, processes and strategies with international business opportunities and challenges, including globalization and cross-cultural marketing. Emphasis is placed on the need for developing cross-cultural skills and cultural intelligence for identifying and fulfilling cross country CRM opportunities, through analytical, strategic, operational and social CRM projects. Written in an accessible style throughout, the eleven chapters provide ample depth to support a full course related to CRM, spanning: CRM foundations planning and implementation managing stakeholder relationships improving global CRM implementation Wide-ranging case studies include: Royal Bank of Scotland, the Nike hijab, Instagram, HubSpot and the pharmaceutical industry in India. The text will appeal to advanced undergraduate and graduate students studying CRM, Relationship Marketing and International Marketing, as well as CRM and marketing practitioners. Samit Chakravorti is an Associate Professor of Marketing at Western Illinois University in the United States"-- 0aCustomer relations 0aIntercultural communication. 7aCustomer relations08iebook version :z9781529613346